000 00502nam a2200193Ia 4500
003 GCL
005 20240530095843.0
008 140319s9999 xx 000 0 eng d
040 _aGCL /
_cGCL
082 0 4 _a781.1
_bP T
100 _aPOPLE, ANTHONY
245 1 0 _aTHEORY,ANALYSIS AND MEAING IN MUSIC
_cPOPLE, ANTHONY
260 _a[S.N] :
_bCAMBRIBGE UNIVERSITY PRESS ،
_c1994
300 _a226P
650 0 4 _aMUSIC
650 0 4 _aMUSIC - THERAPY
650 0 4 _aMUSIC - ANALYSIS
942 _2ddc
_cBK
999 _c11400
_d11400